|
|
|
|
| LEADER |
00000nam a22000007a 4500 |
| 008 |
150831b2012 CR ||||| |||| 00| | spa d |
| 090 |
|
|
|a 04.02.03
|b 2131
|
| 100 |
1 |
|
|9 957
|a Navarro Sáenz, Marleny
|
| 245 |
1 |
0 |
|a Elaboración de una propuesta metodológica que promueva la igualdad y equidad de género para niños y niños en edad escolar / Marleny Navarro Sáenz, Estela Herrera Salas
|
| 260 |
|
|
|a San José, Costa Rica :
|b INIE,
|c 2012
|
| 300 |
|
|
|a 19 hojas
|
| 500 |
|
|
|a Informe final proyecto de Acción Social ED-2906
|
| 650 |
1 |
4 |
|9 956
|a IGUALDAD DE GÉNERO
|
| 650 |
1 |
4 |
|9 367
|a EDUCACIÓN PRIMARIA
|
| 650 |
1 |
4 |
|9 812
|a ESTRATEGIAS EDUCATIVAS
|
| 650 |
1 |
4 |
|9 824
|a MÉTODOS PEDAGÓGICOS
|
| 700 |
1 |
|
|9 955
|a Herrera Salas, Estela
|
| 942 |
|
|
|i 003863
|h 04.02.03 2131
|2 z
|c 04
|
| 999 |
|
|
|c 2842
|d 2842
|